000 00365nam a2200157Ia 4500
008 230516s9999 xx 000 0 und d
041 _aeng
082 _a615.19
_bFAC
100 _aFACKHAM MARGERY
245 _aHEALING DRUGS
260 _bUNIVERSITIES PRESS
_c2000
300 _a120
365 _h20%
520 _aNDDS
650 _aNOVEL DRUG DELIVERY SYSTEM
999 _c370165
_d370165